000 00833nam a2200217Ia 4500
001 15254
003 GE_BSU
008 181216s||||||||xx |||||||||||||| ||und||
040 _cGE_BSU
080 _a821.353.1+821.353.1-32
245 _aჩვენი საუნჯე:ქართული მწერლობა ოც ტომად. ტ.11. ალექსანდრე ყაზბეგი
245 _cრედ.დ.ბენაშვილი. მხატვ.ლ.გრიგოლია
260 _aთბილისი
260 _bნაკადული
260 _c1960
300 _a654გვ.23სმ.
653 _aალექსანდრე ყაზბეგი
653 _aქართული მწერლობა.
653 _aჩვენი საუნჯე
942 _cBK
999 _c48366
_d48366